Nuevos ensayos de lingüística general
Kaydedildi:
| Yazar: | |
|---|---|
| Materyal Türü: | Kitap |
| Dil: | İspanyolca |
| Baskı/Yayın Bilgisi: |
Ciudad de México
Siglo Veintiuno
1976
|
| Konular: | |
| Etiketler: |
Etiketle
Etiket eklenmemiş, İlk siz ekleyin!
|
MARC
| LEADER | 00000nam a2200000 a 4500 | ||
|---|---|---|---|
| 001 | UCR9494 | ||
| 003 | CL-VaPUC | ||
| 008 | 980613e19760000MX |||||||||||||||||spa|d | ||
| 082 | 0 | 4 | |a 410 |b JAK |2 21 |
| 100 | |a Jakobson, Roman |e author |9 322276 | ||
| 245 | 1 | 0 | |a Nuevos ensayos de lingüística general |
| 300 | |a 333 p | ||
| 942 | |c BK | ||
| 945 | |d 19980613 00:00:00 |a crobeson | ||
| 260 | |a Ciudad de México |b Siglo Veintiuno |c 1976 | ||
| 650 | 0 | |a Lingüística |9 265068 | |
| 650 | 7 | |a TEORIA LINGUISTICA |2 CL-VaPUC |9 334835 | |
| 650 | 0 | |a Comunicación |9 257251 | |
| 650 | 0 | |a Filología |9 321245 | |
| 583 | |a last modification |c 19980613 00:00:00 |k Rodrigo Vera | ||
| 999 | |c 270686 |d 270684 | ||
| 952 | |0 0 |1 0 |4 0 |6 410_000000000000000_JAK_1976 |7 0 |8 A |9 305061 |a BIBEDU |b BIBEDU |d 2019-11-20 |i 1417002 |o 410 JAK 1976 |p 1417002 |r 2019-11-20 |w 2019-11-20 |y BK |k LIT | ||